Sookhate chinaar (सूखते चिनार) (Record no. 113932)

MARC details
000 -LEADER
fixed length control field 00435 a2200157 4500
005 - DATE AND TIME OF LATEST TRANSACTION
control field 20250912152946.0
008 - FIXED-LENGTH DATA ELEMENTS--GENERAL INFORMATION
fixed length control field 250729b |||||||| |||| 00| 0 eng d
020 ## - INTERNATIONAL STANDARD BOOK NUMBER
International Standard Book Number 9789326350648
080 ## - UNIVERSAL DECIMAL CLASSIFICATION NUMBER
Universal Decimal Classification number FH
Item number MAD/S
100 ## - MAIN ENTRY--PERSONAL NAME
Personal name Madhu Kankariya
245 ## - TITLE STATEMENT
Title Sookhate chinaar (सूखते चिनार)
260 ## - PUBLICATION, DISTRIBUTION, ETC. (IMPRINT)
Name of publisher, distributor, etc Bharatiya Jnanpith
Place of publication, distribution, etc New Delhi.
Date of publication, distribution, etc 2018
300 ## - PHYSICAL DESCRIPTION
Extent 136p.
653 ## - INDEX TERM--UNCONTROLLED
Uncontrolled term Fiction-Novel-Hindi Literature
942 ## - ADDED ENTRY ELEMENTS (KOHA)
item type Under processing
Holdings
Lost status Source of classification or shelving scheme Not for loan Home library Current library Date acquired Cost, normal purchase price Total Checkouts Full call number Barcode Date last seen Cost, replacement price Price effective from Koha item type
  Universal Decimal Classification   University Library University Library 13/11/2024 110.50   FH MAD/S 00096312 13/11/2024 170.00 13/11/2024 Books
University Library, CUSAT